00257nam a2200097Ia 4500008004100000082001300041100002200054245005100076260002500127365000700152230302s9999 xx 000 0 und d a006.6FOL aFOLEY (James D.) aComputer Graphic Principles and Practice in C  aNEW DELHIb PEARSON  cRS